| 000 | 00650nam a2200205Ia 4500 | ||
|---|---|---|---|
| 003 | GCL | ||
| 008 | 140319s9999 xx 000 0 ara d | ||
| 040 |
_aGCL / _cGCL |
||
| 082 | 0 | 4 |
_a657 _bم ق |
| 100 | 1 | _aمحمد الفيومى | |
| 245 | 1 | 0 |
_aقراءات فى المشاكل المحاسبية المعاصرة / _cمحمد الفيومى |
| 260 |
_a[S.N] : _bمؤسسة شباب الجامعة ، _c1984 |
||
| 490 | _a | ||
| 650 | 0 | 4 | _aمحاسبة التكاليف |
| 650 | 0 | 4 | _aالمحاسبة |
| 650 | 0 | 4 | _aالمحاسبة الادارية |
| 650 | 0 | 4 | _aالحساب |
| 650 | 0 | 4 | _aالتقارير المالية |
| 942 |
_2ddc _cBK |
||
| 999 |
_c29354 _d29354 |
||